Five Letter Geography - V - Statistics

General Stats
  • This quiz has been taken 54 times
  • The average score is 5 of 10
Answer Stats
Hint Answer % Correct
American city also known as "Sin City" Las {Vegas}
96%
Vice president of the United States (2024-2028) JD {Vance}
89%
Capital and most populous city of Liechtenstein Vaduz
89%
Pricy, often detached, country or suburban residence Villa
62%
Gaseous water that is essential to climate Vapor
55%
Major river in West Africa and a Region in Ghana Volta
43%
The edge or the border of any landform Verge
34%
Open, uncultivated grassland in Southern Africa Veldt
23%
Old Russian unit of distance (approx. 0.66 miles) Verst
8%
A municipality in the department of Honduras Valle
6%
No matching quizzes found
Score Distribution
Percent of People with Each Score
Percentile by Number Answered
Your Score History
You have not taken this quiz